Exploration of masculinities in academic organisations: a tentative typology using career and relationship commitment/
Furkejuvvon:
| Váldodahkki: | |
|---|---|
| Eará dahkkit: | , |
| Materiálatiipa: | Girji |
| Giella: | English |
| Fáddágilkorat: |
Lasit fáddágilkoriid
Eai fáddágilkorat, Lasit vuosttaš fáddágilkora!
|
MARC
| LEADER | 00000nam a22000007a 4500 | ||
|---|---|---|---|
| 003 | cru CIDCACS/IIS | ||
| 005 | 20171130105309.0 | ||
| 008 | 171130s2015 -uk|||p|r||||||0| | eng d | ||
| 999 | |c 40680 |d 40680 | ||
| 040 | |c cru CIDCACS/IIS | ||
| 100 | 1 | |9 6161 |a O´Connor, Pat | |
| 245 | 1 | |a Exploration of masculinities in academic organisations: |b a tentative typology using career and relationship commitment/ |c Pat O´Connor, Clare O´Hagan, Julia Brannen | |
| 300 | |a páginas 528-546 | ||
| 700 | 1 | |9 6162 |a O´Hagan, Clare | |
| 700 | 1 | |9 6163 |a Brannen, Julia | |
| 773 | 0 | |0 18701 |9 1659 |d Los Angeles: SAGE Publications |o 18366 |t Current Sociology / |x 00113921 | |
| 942 | |2 ddc |c PP | ||
